Joueurs du XV de France par transferts - Statistiques

Statistiques générales
  • Ce quiz a été pris 44 fois
    36 depuis la dernière actualisation
  • Le résultat moyen est 12 sur 26
Statistiques - réponses
Transferts Joueurs % Correct
Antoine Dupont
92%
Anthony Jelonch
88%
Damian Penaud
85%
(prêt) Thomas Ramos
73%
Antoine Hastoy
62%
Gréogory Alldritt
58%
Cameron Woki
54%
Emmanuel Meafou
54%
Gaël Fickou
54%
Charles Ollivon
46%
Alexandre Roumat
42%
Émilien Gailleton
42%
Nolann Le Garrec
42%
Pierre-Louis Barassi
42%
Thibaud Flament
42%
Gabin Villière
38%
Antoine Frisch
35%
Mickaël Guillard
35%
Maxime Lucu
31%
Pierre Bourgarit
31%
Yoram Moefana
31%
(prêt) George-Henri Colombe
27%
Marko Gazzotti
23%
Reda Wardi
23%
Romain Taofifenua
23%
Gaëtan Barlot
15%
Aucun quiz correspondant
Distribution des résultats
% des personnes avec chaque résultat
Percentile par nombre de réponses
Votre historique - résultats
Vous n’avez pas pris ce quiz depuis la dernière actualisation